000 01055nam a2200385 a 4500
001 vtls000014926
003 NLI
005 20210601181503.0
008 101125s1964 enkf 001 0 eng
020 _cRs. 25.00
039 9 _y201011250115
_zVLOAD
040 0 _aNLI
_beng
_cVERGIS-2003
041 0 _aeng
044 _aenk
082 0 4 _a631.3
100 1 _aTurner, J.C.
_950469
245 1 0 _aFarm machinery:
_boperation and care/
_cJ.C. Turner
260 _aLondon:
_bCassell,
_c1964
300 _aix, 193 p.:
_bplate;
_c22 cm.
500 _aIncludes index
650 0 _aAgricultural machinery
_xLubrication
_950470
650 0 _aFarm tractors
_950471
650 0 _aCultivation
_950472
650 0 _aSpraying equipment
_950473
650 0 _aFarm equipment
_950474
887 _aS. Muthiah
901 _a372580
_b16/02/1965
902 _aE 631.3 T 854
903 _a04/03/04
904 _aS. Muthiah
906 _a013967
949 _AVIRTUAITEM
_D10000
_F1
_X100
_6PUR000372580ENG
_aE 631.3 T854
942 _2ddc
_cBKS
999 _c18656
_d18656